000 00769nam a2200253Ia 4500
003 GCL
008 140319s9999 xx 000 0 ara d
020 _a0225232977
040 _aGCL /
_cGCL
082 0 4 _a746.44
_bث ن
100 1 _aثريا نصر
245 1 0 _aالنسيج المطرز فى العصر العثمانى /
_cثريا نصر
250 _aالاولى
260 _aالقاهرة :
_bعالم الكتب ،
_c2000
300 _a289 ص ؛
_c24 سم
650 0 4 _aالفن الزخرفى
650 0 4 _aشغل الابرة
650 0 4 _aالتطريز
650 0 4 _aالحياكة
650 0 4 _aالمنسوجات
650 0 4 _aشغل الخرز
650 0 4 _aالتطريز - تاريخ - العصر العثمانى
942 _2ddc
_cBK
999 _c9724
_d9724